000 00262nam a2200109Ia 4500
008 190913s9999||||xx |||||||||||||| ||und||
100 _aWilliam Stallings
245 0 _aOperating Systems
260 _aNew York
_bPrentice Hall
_c1993
300 _a472
942 _cBK
999 _c8267
_d8267